| 000 | 00537nam a2200241Ia 4500 | ||
|---|---|---|---|
| 008 | 210210b2016 xxu||||| |||| 00| 0 eng d | ||
| 020 | _a9789384826901 | ||
| 041 | _aeng | ||
| 082 | _a575.1 ARUA | ||
| 100 | _aARUMUGAM (N) | ||
| 245 | _aAdvances in genetics Vol 1 | ||
| 260 |
_aKanyakumari _bSaras Publication _c2016 |
||
| 300 | _axiv,550 | ||
| 440 | _a1 | ||
| 650 | _aVol | ||
| 650 | _ain | ||
| 650 | _agenetics | ||
| 650 | _aAdvances | ||
| 650 | _a1 | ||
| 690 | _aGenetics | ||
| 700 | _aMEYYAN (R P) | ||
| 906 | _a070952 | ||
| 999 |
_c120418 _d120418 |
||